Alain Cugno, LA SÉDUCTION DU DIABLE Réflexions sur la question du mal Mame, 2019, 176 p., 16,90 €. (notice n° 1538575)
[ vue normale ]
| 000 -LEADER | |
|---|---|
| fixed length control field | 00510cam a2200145 4500500 |
| 005 - DATE AND TIME OF LATEST TRANSACTION | |
| control field | 20251012021520.0 |
| 041 ## - LANGUAGE CODE | |
| Language code of text/sound track or separate title | fre |
| 042 ## - AUTHENTICATION CODE | |
| Authentication code | dc |
| 100 10 - MAIN ENTRY--PERSONAL NAME | |
| Personal name | Salin, Dominique |
| Relator term | author |
| 245 00 - TITLE STATEMENT | |
| Title | Alain Cugno, LA SÉDUCTION DU DIABLE Réflexions sur la question du mal Mame, 2019, 176 p., 16,90 €. |
| 260 ## - PUBLICATION, DISTRIBUTION, ETC. | |
| Date of publication, distribution, etc. | 2021.<br/> |
| 500 ## - GENERAL NOTE | |
| General note | 81 |
| 786 0# - DATA SOURCE ENTRY | |
| Note | Christus | º271 | 3 | 2021-07-01 | p. 122-123 | 0009-5834 |
| 856 41 - ELECTRONIC LOCATION AND ACCESS | |
| Uniform Resource Identifier | <a href="https://shs.cairn.info/revue-christus-2021-3-page-122?lang=fr&redirect-ssocas=7080">https://shs.cairn.info/revue-christus-2021-3-page-122?lang=fr&redirect-ssocas=7080</a> |
Pas d'exemplaire disponible.




Réseaux sociaux